Procesos educativos con TIC en la sociedad del conocimiento

保存先:
書誌詳細
第一著者: Cebrián de la Serna, Manuel (coordinador)
その他の著者: Gallego Arrufat, María Jesús (coordinadora)
フォーマット: 図書
言語:スペイン語
出版事項: Madrid, España: Ediciones Pirámide, 2012
主題:
タグ: タグ追加
タグなし, このレコードへの初めてのタグを付けませんか!

MARC

LEADER 00000cam a2200000 a 4500
001 UCD0513
003 CL-VaPUC
005 20211215165933.0
008 151204e20120000sp |||||||||||||||||spa|d
999 |c 362014  |d 362012 
020 |a 9788436824759 
040 |c Pontificia Universidad Católica de Valparaíso 
082 0 4 |a 371.3 CEB 2012  |2 21 
100 0 |a Cebrián de la Serna, Manuel  |e coordinador  |9 583484 
245 1 0 |a Procesos educativos con TIC en la sociedad del conocimiento 
260 |a Madrid, España:   |b Ediciones Pirámide,  |c 2012 
300 |a 234 páginas  
583 |a last modification  |c 20151204 12:43:00  |k Rodrigo Vera 
650 0 |a Tecnología educacional  |9 307265 
650 0 |a Innovaciones tecnológicas  |2 CL-VaPUC  |9 259728 
650 0 |a Métodos de enseñanza  |9 270413 
700 0 |a Gallego Arrufat, María Jesús  |e coordinadora  |9 583485 
852 |a BIBCUR 
942 |c BK  |2 ddc 
945 |d 20151204 12:43:00  |a dcastane 
952 |0 0  |1 0  |3 erb  |4 0  |6 371_300000000000000_CEB_2012  |7 0  |8 A  |9 472846  |a BIBEDU  |b BIBEDU  |i 5254205  |o 371.3 CEB 2012  |p 5254205  |r 2019-11-24  |w 2019-11-24  |y BK  |z Catalogado en:20151204  |k EPE 
952 |0 0  |1 0  |3 erb  |4 0  |6 371_300000000000000_CEB_2012  |7 0  |8 A  |9 472847  |a BIBEDU  |b BIBEDU  |i 5254191  |o 371.3 CEB 2012  |p 5254191  |r 2019-11-24  |w 2019-11-24  |y BK  |z Catalogado en:20151204  |k EPE 
952 |0 0  |1 0  |3 erb  |4 0  |6 371_300000000000000_CEB_2012  |7 0  |8 A  |9 472848  |a BIBEDU  |b BIBEDU  |i 5254183  |o 371.3 CEB 2012  |p 5254183  |r 2019-11-24  |w 2019-11-24  |y BK  |z Catalogado en:20151204  |k EPE 
952 |0 0  |1 0  |2 ddc  |4 0  |6 371_300000000000000_CEB_2012  |7 0  |8 A  |9 576989  |a BIBTEO  |b BIBTEO  |d 2020-11-23  |e 3  |g 38086.00  |i 5578264  |o 371.3 CEB 2012  |p 5578264  |r 2025-01-17  |t 4  |v 38086.00  |w 2020-11-23  |y BK  |k ICR